| 000 | 00715nam a22001937a 4500 | ||
|---|---|---|---|
| 999 |
_c189517 _d189517 |
||
| 005 | 20220906103904.0 | ||
| 010 | _aB-745483 | ||
| 020 |
_a9789388107495 _c800.00 |
||
| 035 | _aB-745483 | ||
| 037 | _bSanjay Prakashan | ||
| 100 | _aMukesh, Kumar | ||
| 245 |
_aForeign Policy Of India: _bLooking Past and Present / _cMukesh Kumar |
||
| 250 | _a1st | ||
| 260 |
_aNew Delhi _bSanjay Prakashan _c2019 |
||
| 270 |
_a4378/4B,209,J.M.D.House,Murari Lal Street Ansari Road,Dariya Ganj _bNew Delhi _e110002 _k011-22245608,41564415 _msanjayprakashan@yahoo.in |
||
| 300 |
_a193p. _c22cm(Hbk) |
||
| 942 |
_2ddc _cEN _mMUK _h327.54 |
||